| 000 | 00595cam a22001934a 4500 | ||
|---|---|---|---|
| 005 | 20250901165421.0 | ||
| 008 | 000601s2000 ilu 000 0 eng | ||
| 010 | _a 00044557 | ||
| 020 | _a0793138493 (pbk.) | ||
| 050 | 0 | 0 |
_aHD1381.5.U5 .S24 2000 _bS24 2000 |
| 082 | 0 | 0 |
_a333.33/0973 _221 |
| 100 | 1 | _aSager, Lawrence. | |
| 245 | 1 | 0 |
_aGuide to passing the PSI real estate exam / _cLawrence Sager. |
| 250 | _a4th ed. | ||
| 260 |
_aChicago, Ill. : _bReal Estate Education Co., _cc2000. |
||
| 300 |
_av, 249 p. ; _c28 cm. |
||
| 500 |
_a6th ed.- cataloged as a serial in LC. _5DLC |
||
| 942 | _2ddc | ||
| 999 |
_c3647 _d3647 |
||